Zlepšovanie procesov pomocou štatistických metód VII. (2016) zborník abstraktov zo 7. medzinárodnej vedeckej konferencie : 25.-29.7.2016, Košice, Slovenská republika

Na minha lista:
Detalhes bibliográficos
Autor Corporativo: Zlepšovanie procesov pomocou štatistických metód. Medzinárodná vedecká konferencia
Outros Autores: Jakub, Vincent, Bobenič Hintošová, Aneta, 1979-
Formato: Livro
Idioma:eslovaco
inglês
Publicado em: Košice Katedra kvantitatívnych metód PHF EU 2016
Edição:1. vyd.
Assuntos:
Tags: Adicionar Tag
Sem tags, seja o primeiro a adicionar uma tag!

MARC

LEADER 00000nlm$a2200000$$$4500
001 0221047
005 20240109075159.0
020 |a 978-80-225-4259-3 
041 0 |a slo 
041 0 |a eng 
044 |a SK 
245 1 0 |a Zlepšovanie procesov pomocou štatistických metód VII. (2016)  |b zborník abstraktov zo 7. medzinárodnej vedeckej konferencie : 25.-29.7.2016, Košice, Slovenská republika  |c recenzenti: Vincent Jakub, Aneta Bobenič Hintošová 
250 |a 1. vyd. 
264 1 |a Košice  |b Katedra kvantitatívnych metód PHF EU  |c 2016 
300 |a CD-ROM [31 s.] 
610 2 0 |a metódy štatistické 
610 2 0 |a systémy integrované manažérske 
610 2 0 |a výroba 
610 2 0 |a zdravotníctvo 
610 2 0 |a oceňovanie transferové 
610 2 0 |a stavebníctvo 
610 2 0 |a raje daňové 
610 2 0 |a systémy riadenia 
610 2 0 |a riadenie 
610 2 0 |a správa verejná 
610 2 0 |a zdroje ľudské 
610 2 0 |a kalkulácia nákladov 
610 2 0 |a ukazovatele finančné 
610 2 0 |a programy rozvojové 
610 2 0 |a výkonnosť podniku 
610 2 0 |a priemysel automobilový 
610 2 0 |a etika manažérska 
610 2 0 |a gramotnosť finančná 
610 2 0 |a karty platobné 
700 1 |a Jakub, Vincent 
700 1 |a Bobenič Hintošová, Aneta, 1979- 
110 2 |a Zlepšovanie procesov pomocou štatistických metód. Medzinárodná vedecká konferencia